[Event "Catarinense-ch"]
[Site "Itajai"]
[Date "2023.11.24"]
[Round "2"]
[White "Cordeiro, Marco Aurelio Zaror"]
[Black "Alonso, Leonardo Espinha"]
[Result "0-1"]
[WhiteElo "2091"]
[BlackElo "1171"]
[PlyCount "78"]
[EventDate "2023.11.24"]
[EventType "swiss"]
[EventRounds "6"]
[EventCountry "BRA"]
[SourceTitle "CB50_2023"]
[SourceDate "2023.12.13"]
[SourceVersion "1"]
[SourceVersionDate "2023.12.13"]
[SourceQuality "1"]

1. e4 c5 2. Nf3 g6 3. c3 d5 4. exd5 Qxd5 5. d4 Bg7 6. Be2 Nc6 7. c4 Qd8 8. d5 Nd4 9. Nxd4 cxd4 10. 0-0 e6 11. dxe6 Bxe6 12. Bd3 Ne7 13. b3 0-0 14. Bb2 Nc6 15. Nd2 Nb4 16. Be4 Qc7 17. a3 Nc6 18. Nf3 Rfd8 19. Ng5 Bc8 20. Bd5 Rd7 21. Qf3 Ne5 22. Qg3 h6 23. Ne4 Rxd5 24. cxd5 Qc2 25. f4 Nd7 26. Nd6 Qxb2 27. Qe1 Nf6 28. Qe7 Qxb3 29. Qxf7+ Kh7 30. Rac1 Bd7 31. Nc4 Rc8 32. Ne5 Qe3+ 33. Kh1 Be8 34. Rxc8 Bxf7 35. Nxf7 Qe2 36. Rcc1 Nxd5 37. Rce1 Qc4 38. Nd6 Qc6 39. Nf7 Ne3 0-1

[Event "Florianopolis op-B 04"]
[Site "Florianopolis"]
[Date "2023.05.01"]
[Round "6"]
[White "Alonso, Leonardo Espinha"]
[Black "Da Costa, Mariana Nara Santan"]
[Result "0-1"]
[WhiteElo "1800"]
[BlackElo "1456"]
[PlyCount "111"]
[EventDate "2023.04.28"]
[EventType "swiss"]
[EventRounds "6"]
[EventCountry "BRA"]
[SourceTitle "CBM 214 Extra"]
[Source "ChessBase"]
[SourceDate "2023.07.31"]
[SourceVersion "1"]
[SourceVersionDate "2023.07.31"]
[SourceQuality "1"]

1. d4 d5 2. c4 c6 3. e3 Nf6 4. Nf3 Bf5 5. Nc3 e6 6. cxd5 cxd5 7. Bd3 Bxd3 8. Qxd3 Nc6 9. 0-0 Bd6 10. Nb5 0-0 11. Nxd6 Qxd6 12. a3 Na5 13. Bd2 Nc6 14. b4 a6 15. Bc3 Rac8 16. Ne5 Qc7 17. Nxc6 Qxc6 18. Rac1 Ne4 19. Bb2 Qd7 20. Rfd1 Nd6 21. Rc3 Rxc3 22. Qxc3 Rc8 23. Qd2 Nc4 24. Qe2 Nxb2 25. Qxb2 Qc6 26. g3 Qc2 27. Qxc2 Rxc2 28. Rd3 Rc1+ 29. Kg2 Kf8 30. b5 a5 31. a4 Ke7 32. Ra3 Kd6 33. Kf3 Rc2 34. h4 h5 35. Ra1 g6 36. Ra3 Ke7 37. Ra1 Kd6 38. Ra3 f6 39. Ra1 Kd7 40. Ra3 Kd6 41. Ra1 e5 42. Ra3 Rc4 43. Ke2 exd4 44. Kd3 dxe3 45. Kxe3 Kc5 46. Kd2 Kb4 47. Re3 Rd4+ 48. Kc2 Re4 49. Rf3 f5 50. Rd3 Re2+ 51. Kb1 Kc4 52. Rf3 d4 53. Rf4 Kc3 54. Rf3+ d3 55. Ka1 Kc2 56. Rf4 0-1